000 00792nam a2200205 a 4500
001 000046003
005 20201002052556.0
008 150610s2015 dr a 000 0 spa d
020 _a9789945082920
040 _aDO-SdBNP
_bspa
_cBNPHU
082 _axxxx
_bxxxx
100 1 _aHernández Figuroa, Alfredo Rafael
_974074
245 1 3 _aEl militarismo en la sociedad dominicana /
_cAlfredo Rafael Hernández Figuroa.
260 _aLa Vega, República Dominicana :
_bEdiciones Alfredos,
_c2015.
300 _a46 p. :
_bil. ;
_c20 cm.
500 _aLa biblioteca posee 2 ejemplares autografiado por el autor
500 _aIncluye referencias bibliográficas y notas al pie de las páginas.
500 _aCincuenta años en la educación y el arte de La Vega
504 _aBibliografía : p. 45-46
999 _c45492
_d45492